Možnosti kozmetiky pri zneškodňovaní voľných radikálov

Salvato in:
Dettagli Bibliografici
Autore principale: Lesná, Silvia (Autore)
Altri autori: Toronyi, Aneta (Relatore della tesi)
Natura: Manoscritto Libro
Lingua:slovacco
Pubblicazione: 2023
Soggetti:
Accesso online:http://is.stuba.sk/zp/portal_zp.pl?podrobnosti=169634
Tags: Aggiungi Tag
Nessun Tag, puoi essere il primo ad aggiungerne!!

MARC

LEADER 00000ntm a22000003a 4500
001 stuzp93306
003 SK-STU
005 20230909214625.1
007 ta
008 150427s2015----xo-----f-mn---000-0-slo-d
040 |a STU  |b slo 
041 0 |a slo 
100 1 |a Lesná, Silvia  |u 040250  |4 aut  |U FCHPT Ústav potravinárstva a výživy  |T FCHPT Oddelenie potravinárskej technológie  |X 97352  |U C0250  |Y 685  |7 97352 
242 0 1 |a Possibilities of Cosmetics in Scavenging Free Radicals  |y eng 
245 1 0 |a Možnosti kozmetiky pri zneškodňovaní voľných radikálov 
260 |c 2023 
650 4 |a rastlinné extrakty  |2 slo 
650 4 |a kozmetika  |2 slo 
650 4 |a FRAP  |2 slo 
650 4 |a antioxidant  |2 slo 
650 4 |a DPPH  |2 slo 
650 4 |a plant extracts  |2 eng 
650 4 |a DPPH  |2 eng 
650 4 |a FRAP  |2 eng 
650 4 |a antioxidant  |2 eng 
650 4 |a cosmetics  |2 eng 
700 1 |a Toronyi, Aneta  |u 040200  |k Z3  |4 ths  |U FCHPT Fakulta chemickej a potravinárskej technológie  |T FCHPT Ústav potravinárstva a výživy  |X 63623  |U C020  |Y 684  |7 63623 
856 4 |u http://is.stuba.sk/zp/portal_zp.pl?podrobnosti=169634